=LDR 00000nam 2200000 4500 =001 INLIS000000000034904 =005 20130612140809 =008 ***********************************ind** =035 ##$$0010-061300000034904 =041 ##$$a ind =082 ##$$a 523.2 =090 ##$$a 523.2, Puj m =100 ##$$a PUJIASTUTI, Martina =245 ##$$a Mengenal tata surya, Martina pujiastuti ; editor, Ratih Wulandari =260 ##$$a 2007 $b Jakarta =300 ##$$a 47 hlm, ilus, 25 cm =650 ##$$a tata Surya =700 ##$$a Wulandari, Ratih =850 ##$$a NBPNMAT =990 ##$$a 1324313243 =990 ##$$a 01201713243